| 000 | 00591 a2200181 4500 | ||
|---|---|---|---|
| 020 | _a0521621968 | ||
| 020 | _a9780521621960 | ||
| 082 | _a529.72 | ||
| 090 |
_c955 _d955 |
||
| 100 | 1 | _aPerkins, Donald H. | |
| 245 | 1 | 0 |
_aIntroduction to high energy physics / _cDonald H. Perkins. |
| 250 | _a4th ed. | ||
| 260 |
_a[S.l.] : _bCambridge University Press, _c2000. |
||
| 300 |
_a440 p. ; _c26 cm. |
||
| 700 | _aPerkins, Donald H. | ||
| 942 |
_aSNS _cBK _k529.72 PER |
||
| 999 |
_c29574 _d29574 |
||